Statistiken für Haltestellen der Wiener Nordbahn

Klicken Sie hier um das Quiz zu spielen!

Allgemein

  • Dieses Quiz wurde 21 mal gespielt
  • Das Durchschnittsergebnis liegt bei 10 aus 17

Antworten auf der Karte

Die Antworten werden auf der Karte rot bzw. grün angezeigt, abhängig davon wie oft sie richtig erraten wurden.
 

Antwortstatistiken

Haltestelle% Korrekt
Břeclav
94%
Gänserndorf
94%
Bernhardsthal
81%
Wien Floridsdorf
81%
Wien Leopoldau
81%
Deutsch-Wagram
69%
Wien Siemensstraße
69%
Angern/March
63%
Hohenau/March
63%
Drösing
50%
Jedenspeigen
44%
Stillfried
44%
Dürnkrut
31%
Rabensburg
31%
Sierndorf an der March
31%
Tallesbrunn
31%
Weikendorf-Dörfles
31%

Verteilung der Resultate

Perzentil nach korrekt beantworteten Fragen

Anzahl Personen mit jedem Resultat

Ihre Resultats-Entwicklung

Sie haben dieses Quiz noch nicht gespielt